[Event "AUTO-ADV-4826"]
[Site "http://www.queenalice.com/game.php?id=1847336"]
[Date "2024.11.18"]
[Round "1"]
[White "mvson33"]
[Black "ALDROB"]
[Result "1-0"]
[WhiteElo "1803"]
[BlackElo "1794"]

1. c4 g6 2. Nc3 Bg7 3. g3 c6 4. Bg2 Nf6 5. Nf3 O-O 6. O-O d6 7. d4 Nbd7 8. Bg5
Ne8 9. Qc2 f6 10. Bd2 e5 11. dxe5 Nxe5 12. Rad1 Bf5 13. Qb3 Qd7 14. Nxe5 fxe5
15. Be3 a5 16. Be4 Bh3 17. Bg2 Nf6 18. Qc2 Rac8 19. Qd2 Ne8 20. Ne4 Rd8 21. Nc5
Qf5 22. Nxb7 Rd7 23. Nxa5 c5 24. Nb3 Nc7 25. Qd3 e4 26. Qd2 Ne6 27. Qd5 Bxg2 28.
Qxf5 gxf5 29. Kxg2 Bxb2 30. Nxc5 Re7 31. Rxd6 Ng7 32. Rd5 Rb8 33. Rfd1 Bf6 34.
Rd8+ Rxd8 35. Rxd8+ Kf7 36. a4 Rc7 37. Rd5 Ne6 38. Nxe6 Kxe6 39. Rc5 Rb7 40.
Rc6+ Kf7 41. c5 Rb4 42. a5 Ra4 43. Rc7+ Kg6 44. a6 Be5 45. Rc6+ Kg7 46. Re6 Bb8
47. Rb6 Ba7 48. Rb7+ 1-0

[Event "AUTO-ADV-4826"]
[Site "http://www.queenalice.com/game.php?id=1847337"]
[Date "2024.11.18"]
[Round "1"]
[White "ALDROB"]
[Black "mvson33"]
[Result "0-1"]
[WhiteElo "1800"]
[BlackElo "1919"]

1. d4 Nf6 2. c4 d5 3. Nc3 e6 4. Bg5 Nbd7 5. Nf3 Be7 6. e3 O-O 7. Qc2 dxc4 8.
Bxc4 b6 9. O-O Bb7 10. Be2 c5 11. Rfd1 cxd4 12. Nxd4 Rc8 13. Bb5 h6 14. Bf4 Nd5
15. a3 N7f6 16. Rd3 Bd6 17. Bxd6 Qxd6 18. h3 Nxc3 19. bxc3 Qc5 20. a4 Be4 21.
Nb3 Bxd3 22. Nxc5 Bxc2 23. Nd7 Nxd7 24. Bxd7 Rcd8 25. Bb5 Rd5 0-1

[Event "AUTO-ADV-4834"]
[Site "http://www.queenalice.com/game.php?id=1849129"]
[Date "2024.12.22"]
[Round "1"]
[White "avieytoa"]
[Black "ALDROB"]
[Result "1-0"]
[WhiteElo "1991"]
[BlackElo "1774"]

1. e4 e5 2. Nf3 Nc6 3. Bc4 Nf6 4. Nc3 Nxe4 5. Nxe4 d5 6. Bxd5 Qxd5 7. d3 Bg4 8.
h3 Be6 9. O-O h6 10. c4 Qd7 11. a3 O-O-O 12. Be3 Kb8 13. Nc5 Bxc5 14. Bxc5 Qxd3
15. Qxd3 Rxd3 16. Rac1 b6 17. Be3 f5 18. Ne1 f4 19. Nxd3 fxe3 20. fxe3 g5 21.
Rf6 Bd7 22. b4 Kb7 23. b5 Na5 24. Nxe5 Bc8 25. Ng6 Re8 26. Kf2 Nb3 27. Rc3 Nd2
28. Rf8 Rxf8+ 29. Ke2 Rd8 30. Rd3 Rxd3 31. Kxd3 Nf1 32. e4 Be6 33. Ne5 h5 34.
Nf3 g4 35. hxg4 hxg4 36. Ng5 Bd7 37. e5 g3 38. e6 Be8 39. Kd4 c5+ 40. Kd3 Nh2
41. Ne4 Kc7 42. Nxg3 Kd6 43. Nf5+ Kxe6 44. Ng7+ Kf7 45. Nxe8 Kxe8 46. Kc3 Ng4
47. Kb3 Ke7 48. a4 Kd6 49. a5 Ke5 50. Kc3 Kf4 51. axb6 axb6 52. Kd3 Kg3 53. Ke4
Nf6+ 54. Ke5 Nd7+ 55. Kd6 Nf8 56. Kc6 Ne6 57. Kxb6 Kf4 58. Kc6 Ke4 59. b6 Nd8+
60. Kxc5 Ke5 61. g4 Ke6 62. g5 Kd7 63. Kd5 Nb7 64. c5 Nd8 65. g6 Ke7 66. c6 1-0

[Event "AUTO-ADV-4834"]
[Site "http://www.queenalice.com/game.php?id=1849130"]
[Date "2024.12.22"]
[Round "1"]
[White "ALDROB"]
[Black "avieytoa"]
[Result "0-1"]
[WhiteElo "1760"]
[BlackElo "2022"]

1. d4 d5 2. c4 Nf6 3. Nc3 Bf5 4. cxd5 Nxd5 5. e4 Nxc3 6. bxc3 Bxe4 7. f3 Bf5 8.
Bc4 e6 9. Ne2 Nc6 10. O-O Be7 11. Bb2 O-O 12. Qb3 Na5 13. Qb5 Nxc4 14. Qxc4 b5
15. Qb3 a5 16. a4 c6 17. Rfd1 Rb8 18. g4 Bg6 19. Nf4 Qd7 20. Nxg6 fxg6 21. Rf1
Rf4 22. c4 Bb4 23. Rfd1 bxc4 24. Qxc4 Rxf3 25. d5 cxd5 26. Qd4 Rc8 0-1

[Event "AUTO-ADV-4834"]
[Site "http://www.queenalice.com/game.php?id=1849143"]
[Date "2024.12.22"]
[Round "1"]
[White "ALDROB"]
[Black "altair"]
[Result "1-0"]
[WhiteElo "1740"]
[BlackElo "1789"]

1. d4 d5 2. c4 c6 3. Nf3 h6 4. Nc3 e6 5. Bf4 Bd7 6. e3 Be7 7. Qc2 f6 8. Qg6+ Kf8
9. O-O-O Be8 10. Qc2 Bf7 11. c5 b6 12. b4 bxc5 13. bxc5 h5 14. Bd3 Nd7 15. h3
Qe8 16. g4 h4 17. g5 f5 18. Ne5 g6 19. Nxc6 Qc8 20. Qa4 Be8 21. Nxa7 Qb7 22. c6
Qxa7 23. Qxa7 Rxa7 24. cxd7 Bxd7 25. Kb2 Ba3+ 26. Kc2 Ne7 27. f3 Kf7 28. Rb1 Nc6
29. Nb5 Nb4+ 30. Rxb4 Bxb4 31. Nxa7 Ra8 32. Kb3 Bc5 33. dxc5 Rxa7 34. Rc1 Bc6
35. Be5 Ba4+ 36. Kb4 Bc6 37. a3 Rb7+ 38. Ka5 Rb3 39. Rc3 Rb2 40. Rc1 Rf2 41. Kb6
Bd7 42. c6 Bc8 43. Kc7 Rxf3 44. Kxc8 Rxe3 45. c7 1-0

[Event "AUTO-ADV-4834"]
[Site "http://www.queenalice.com/game.php?id=1849144"]
[Date "2024.12.22"]
[Round "1"]
[White "altair"]
[Black "ALDROB"]
[Result "1-0"]
[WhiteElo "1739"]
[BlackElo "1778"]

1. e4 e5 2. Nf3 Nc6 3. a3 Nf6 4. d3 Be7 5. Be2 d6 6. h3 Be6 7. c3 O-O 8. O-O Qd7
9. b4 a6 10. Nbd2 Bxh3 11. gxh3 Qxh3 12. Nh2 h5 13. Ndf3 Nh7 14. Kh1 g5 15. Rg1
g4 16. Rg3 Qxg3 17. fxg3 gxf3 18. Bxf3 h4 19. gxh4 Bxh4 20. Bh6 Rfd8 21. Qg1+
1-0

[Event "AUTO-ADV-4834"]
[Site "http://www.queenalice.com/game.php?id=1849145"]
[Date "2024.12.22"]
[Round "1"]
[White "ALDROB"]
[Black "askasl159"]
[Result "1-0"]
[WhiteElo "1770"]
[BlackElo "1846"]

1. d4 d5 2. Nf3 g6 3. c4 dxc4 4. Nc3 Bg7 5. e4 Bg4 6. Be3 e5 7. Bxc4 Ne7 8. Qb3
O-O 9. Rd1 Bxf3 10. gxf3 b6 11. Ke2 exd4 12. Nb5 c5 13. h4 Nec6 14. Rd3 Nb4 15.
Bg5 Bf6 16. Bh6 Bg7 17. Bg5 Qd7 18. Rd2 h6 19. Be3 a6 20. Nxd4 Bxd4 21. Bxh6 Rd8
22. h5 Kh7 23. hxg6+ Kxg6 24. a3 N4c6 25. f4 Na5 26. Qg3+ Kf6 27. Qg5# 1-0

[Event "AUTO-ADV-4834"]
[Site "http://www.queenalice.com/game.php?id=1849146"]
[Date "2024.12.22"]
[Round "1"]
[White "askasl159"]
[Black "ALDROB"]
[Result "1-0"]
[WhiteElo "1820"]
[BlackElo "1789"]

1. e4 e5 2. f4 exf4 3. Nf3 g5 4. h3 Nc6 5. d4 Nf6 6. Nc3 d6 7. Bc4 Nxe4 8. Bxf7+
Kxf7 9. Nxe4 h6 10. b3 Bg7 11. Bb2 Re8 12. Nd2 d5 13. Qh5+ Kg8 14. O-O-O dxe4
15. Nc4 Bf5 16. d5 Bxb2+ 17. Kxb2 Qf6+ 18. c3 Ne7 19. d6 Nc6 20. dxc7 b5 21. Nd6
Rf8 22. Nxf5 Qxf5 23. Rd6 Rf6 24. Rhd1 Rc8 25. R6d5 Qh7 26. Rd7 Qh8 27. R7d6
Rxd6 28. Rxd6 Rxc7 29. Qe8+ Kh7 30. Qg6# 1-0

[Event "AUTO-OPEN-4572"]
[Site "http://www.queenalice.com/game.php?id=1850920"]
[Date "2025.1.24"]
[Round "1"]
[White "chessman"]
[Black "ALDROB"]
[Result "1-0"]
[WhiteElo "1970"]
[BlackElo "1766"]

1. e4 e5 2. Nf3 Nc6 3. Bb5 a6 4. Ba4 Nf6 5. O-O b5 6. Bb3 Be7 7. Re1 O-O 8. d4
Na5 9. Nxe5 Nxb3 10. axb3 Bb7 11. Nd2 c5 12. Nef3 Re8 13. c3 d5 14. e5 Ne4 15.
Nf1 f6 16. Be3 Rc8 17. exf6 Bxf6 18. dxc5 Nxc5 19. Bxc5 Rxe1 20. Qxe1 Rxc5 21.
Ng3 d4 22. Nxd4 Re5 23. Qf1 h5 24. Re1 Rg5 25. Ne6 Qd5 26. Nxg5 Qxg5 27. Ne4
Bxe4 28. Rxe4 a5 29. Qe1 b4 30. cxb4 axb4 31. Rxb4 Bxb2 32. Rb8+ Kh7 33. Qb1+
1-0

[Event "AUTO-OPEN-4572"]
[Site "http://www.queenalice.com/game.php?id=1850921"]
[Date "2025.1.24"]
[Round "1"]
[White "ALDROB"]
[Black "chessman"]
[Result "1-0"]
[WhiteElo "1741"]
[BlackElo "1966"]

1. e4 e6 2. d4 d5 3. Nd2 dxe4 4. Nxe4 Nd7 5. Nf3 Ngf6 6. Ng3 Be7 7. Bc4 O-O 8.
O-O Nb6 9. Bb3 c6 10. Bg5 Bd7 11. c4 h6 12. Bh4 Rc8 13. Bxf6 Bxf6 14. Ne4 Be7
15. Qc2 c5 16. Rad1 cxd4 17. Nxd4 Bc5 18. Nxc5 Rxc5 19. Rd3 Qc8 20. Rg3 Nxc4 21.
Rc1 b5 22. Qc3 a6 23. Nxe6 f6 24. Nxc5 Qxc5 25. Bxc4+ bxc4 26. Qxc4+ Qxc4 27.
Rxc4 Bb5 28. Rc7 Rf7 29. Rxf7 Kxf7 30. a3 1-0

[Event "AUTO-OPEN-4572"]
[Site "http://www.queenalice.com/game.php?id=1850948"]
[Date "2025.1.24"]
[Round "1"]
[White "cerenzo72"]
[Black "ALDROB"]
[Result "0-1"]
[WhiteElo "2143"]
[BlackElo "1758"]

1. b3 e5 2. Bb2 Nc6 3. e3 g6 4. Bb5 d6 5. d4 Bd7 6. Nf3 Bg7 7. Nbd2 Nge7 8. O-O
O-O 9. Ne4 f5 10. Ng3 e4 11. Nd2 a6 12. Bxc6 Bxc6 13. c4 Rb8 14. Qc2 g5 15. d5
Bxb2 16. Qxb2 Bd7 17. Nh5 Rf7 18. f3 exf3 19. Nxf3 Ng6 20. Rae1 c6 21. Qd2 cxd5
22. cxd5 g4 23. Ng5 Qxg5 24. Ng3 h5 25. Qf2 h4 26. Ne4 Qe7 27. Nd2 Ne5 28. Qe2
Bb5 29. Nc4 Rc8 30. Rc1 Qc7 31. Rf4 Qe7 32. Kf2 Qg5 33. Kg1 Rg7 34. Rcf1 Rf8 35.
e4 Nf3+ 36. Kh1 Qxf4 37. gxf3 gxf3 38. Rxf3 Qxe4 39. Qf1 Rg4 40. h3 Rg3 41. Kh2
Rxf3 0-1

[Event "AUTO-OPEN-4572"]
[Site "http://www.queenalice.com/game.php?id=1850949"]
[Date "2025.1.24"]
[Round "1"]
[White "ALDROB"]
[Black "cerenzo72"]
[Result "0-1"]
[WhiteElo "1767"]
[BlackElo "2163"]

1. d4 Nf6 2. c4 e6 3. Nc3 Bb4 4. Qc2 c5 5. e3 Nc6 6. Bd3 cxd4 7. exd4 Nxd4 8.
Qa4 Bxc3+ 9. bxc3 Nc6 10. Nf3 d6 11. O-O h6 12. Bb2 e5 13. Rae1 Bd7 14. Qc2 O-O
15. Ba3 Qc7 16. c5 Qa5 17. Bc1 Qxc5 18. Be3 Qa5 19. h3 d5 20. Nd2 Rac8 21. Nb3
Qa4 22. Bc5 Rfe8 23. f3 b6 24. Bd6 Re6 25. f4 e4 26. Bxe4 dxe4 27. Rd1 Nb4 28.
Qb2 Nd3 29. Rxd3 exd3 30. Ba3 Re2 31. Qa1 Qxa3 0-1

[Event "AUTO-OPEN-4572"]
[Site "http://www.queenalice.com/game.php?id=1850968"]
[Date "2025.1.24"]
[Round "1"]
[White "ALDROB"]
[Black "silverado"]
[Result "0-1"]
[WhiteElo "1752"]
[BlackElo "1870"]

1. e4 e5 2. Nf3 Nc6 3. Bb5 Qf6 4. Nc3 Nge7 5. O-O a6 6. Ba4 b5 7. Bb3 Bb7 8. d3
h6 9. Be3 O-O-O 10. Qe2 Ng6 11. a4 bxa4 12. Bxa4 Be7 13. Nd5 Qd6 14. c4 Nf4 15.
Qc2 Nxd5 16. cxd5 Nb4 17. Qc4 Kb8 18. d4 exd4 19. Bxd4 c6 20. e5 Qxd5 21. Qxd5
Nxd5 22. Nd2 f6 23. Nc4 c5 24. exf6 gxf6 25. Bc3 Nxc3 26. bxc3 Ka7 27. Rfd1 d5
28. Na5 Ba8 29. Bc6 d4 30. Bxa8 Kxa8 31. Nc6 Rd7 32. Rxa6+ Kb7 33. Rda1 dxc3 34.
Nxe7 Rd3 35. Ra7+ Kb6 36. R1a6+ Kb5 37. Ra5+ Kc4 38. Ra4+ Kb3 39. Ra3+ Kc2 40.
Ra2+ Kd1 41. Ra1+ Ke2 42. Nf5 Re8 43. Ng3+ Kd2 44. R7a2+ c2 45. Nf1+ Kc3 46.
Ra3+ Kd4 47. Ra4+ c4 48. Ne3 Rd1+ 0-1

[Event "AUTO-OPEN-4572"]
[Site "http://www.queenalice.com/game.php?id=1850969"]
[Date "2025.1.24"]
[Round "1"]
[White "silverado"]
[Black "ALDROB"]
[Result "1-0"]
[WhiteElo "1838"]
[BlackElo "1765"]

1. d4 Nf6 2. Nf3 g6 3. e4 d6 4. Qd3 Bg7 5. Bf4 O-O 6. h3 Nc6 7. c3 Re8 8. Nbd2
Nh5 9. Be3 f5 10. exf5 Bxf5 11. Qc4+ d5 12. Qb3 Nf6 13. Qxb7 Qd7 14. Qb5 Rab8
15. Qa4 Rxb2 16. Bb5 Bc2 17. Bxc6 Bxa4 18. Bxd7 Nxd7 19. O-O e5 20. dxe5 Nxe5
21. Nxe5 Bxe5 22. Nb1 a5 23. Rc1 Bd6 24. g4 c5 25. Nd2 d4 26. cxd4 cxd4 27. Nc4
Ba3 28. Bxd4 Rbe2 29. Nxa3 h5 30. Nc4 hxg4 31. hxg4 R2e4 32. Nd6 Rxg4+ 33. Kf1
Rd8 34. Bc5 Bc6 35. Re1 Kg7 36. Re7+ Kf6 37. Rf7+ Kg5 38. Be3+ 1-0

[Event "AUTO-OPEN-4576"]
[Site "http://www.queenalice.com/game.php?id=1852208"]
[Date "2025.2.15"]
[Round "1"]
[White "ALDROB"]
[Black "maurice916"]
[Result "0-1"]
[WhiteElo "1784"]
[BlackElo "1933"]

1. d4 d5 2. c4 c6 3. Nf3 Nf6 4. Nc3 e6 5. Bg5 Be7 6. e3 dxc4 7. Bxc4 Nbd7 8. O-O
O-O 9. Qd3 b5 10. Bb3 Bb7 11. Bc2 a6 12. e4 c5 13. b3 cxd4 14. Nxd4 g6 15. f4
Nc5 16. Qe3 Ng4 17. Bxe7 Nxe3 18. Bxd8 Nxf1 19. Rxf1 Raxd8 20. Nf3 Rd7 21. a3
Rfd8 22. g4 Nd3 23. Nd2 Nxf4 24. Nf3 Nd3 25. e5 Bxf3 26. Rxf3 Nxe5 27. Rg3 Rd2
28. Be4 f6 29. h4 Kf7 30. h5 f5 31. gxf5 exf5 32. hxg6+ hxg6 33. Bb7 R2d3 34.
Rxd3 Rxd3 35. Nd5 Rxb3 36. Bxa6 Rxa3 37. Bxb5 Ra5 0-1

[Event "AUTO-OPEN-4576"]
[Site "http://www.queenalice.com/game.php?id=1852209"]
[Date "2025.2.15"]
[Round "1"]
[White "maurice916"]
[Black "ALDROB"]
[Result "1-0"]
[WhiteElo "1921"]
[BlackElo "1774"]

1. Nf3 d5 2. b3 Nc6 3. Bb2 Nf6 4. e3 Bg4 5. Bb5 Bd7 6. Bxc6 Bxc6 7. Ne5 Qd6 8.
Nxc6 Qxc6 9. d4 e6 10. Nd2 Bd6 11. c4 b6 12. O-O O-O 13. Rc1 Qb7 14. a3 c6 15.
b4 a5 16. Qb3 Qc7 17. c5 Bxh2+ 18. Kh1 Ng4 19. Nf3 f5 20. cxb6 Qxb6 21. Nxh2
Nxh2 22. Kxh2 Rf6 23. g3 Rh6+ 24. Kg2 Rb8 25. Qc2 e5 26. Qxf5 axb4 27. dxe5 Rf8
28. Qd3 Qd8 29. axb4 Qg5 30. Rh1 Rxh1 31. Rxh1 h5 32. Bd4 g6 33. Qe2 Qf5 34. f4
Qe4+ 35. Kf2 Rf5 36. Rh2 Kh7 37. g4 1-0

[Event "AUTO-OPEN-4576"]
[Site "http://www.queenalice.com/game.php?id=1852210"]
[Date "2025.2.15"]
[Round "1"]
[White "ALDROB"]
[Black "lucamaster"]
[Result "1-0"]
[WhiteElo "1792"]
[BlackElo "1146"]

1. d4 d5 2. c4 e5 3. cxd5 Qxd5 4. Nf3 exd4 5. Nxd4 Qa5+ 6. Nc3 Bb4 7. Bd2 Bxc3
8. Bxc3 Qd5 9. e3 Nc6 10. Nxc6 Qxd1+ 11. Rxd1 1-0

[Event "AUTO-OPEN-4576"]
[Site "http://www.queenalice.com/game.php?id=1852211"]
[Date "2025.2.15"]
[Round "1"]
[White "lucamaster"]
[Black "ALDROB"]
[Result "0-1"]
[WhiteElo "1148"]
[BlackElo "1790"]

1. e4 e5 2. d3 Nc6 3. Be3 Nf6 4. Be2 Be7 5. Nf3 O-O 6. O-O Ng4 7. Bg5 f6 8. Be3
Nxe3 9. fxe3 d6 10. d4 exd4 0-1

[Event "AUTO-ADV-4814"]
[Site "http://www.queenalice.com/game.php?id=1853095"]
[Date "2025.3.1"]
[Round "2"]
[White "askasl159"]
[Black "ALDROB"]
[Result "1-0"]
[WhiteElo "1831"]
[BlackElo "1755"]

1. e4 e5 2. f4 exf4 3. Nf3 g5 4. h3 Bg7 5. d4 d6 6. Bc4 Qe7 7. Nc3 c6 8. a3 Bd7
9. Bd2 b5 10. Bb3 Na6 11. Qe2 Nc7 12. O-O-O Nh6 13. Kb1 O-O 14. d5 c5 15. h4 g4
16. Nh2 Qxh4 17. Bxf4 Qf6 18. Bxh6 Bxh6 19. Rdf1 Qg5 20. g3 a5 21. Rf4 c4 22.
Nxg4 Bxg4 23. Rxg4 cxb3 24. Rxh6 bxc2+ 25. Kxc2 1-0

[Event "AUTO-ADV-4814"]
[Site "http://www.queenalice.com/game.php?id=1853096"]
[Date "2025.3.1"]
[Round "2"]
[White "ALDROB"]
[Black "askasl159"]
[Result "1-0"]
[WhiteElo "1742"]
[BlackElo "1915"]

1. d4 d5 2. c4 c6 3. Nf3 g6 4. Nc3 Bg7 5. Bf4 Nf6 6. e3 Bf5 7. Nh4 Be4 8. f3 Bf5
9. Nxf5 O-O 10. Nxg7 Kxg7 11. Qb3 b6 12. Rd1 Nbd7 13. Bd3 Nh5 14. Bg3 Ndf6 15.
cxd5 cxd5 16. Bf2 Kg8 17. g4 Ng7 18. Ke2 Ne6 19. h4 h6 20. g5 Nh7 21. gxh6 Nf6
22. Qc2 Kh7 23. h5 Rg8 24. hxg6+ fxg6 25. Rdg1 Nf8 26. Nb5 a6 27. Nc7 Rc8 28.
Bg3 b5 29. e4 dxe4 30. fxe4 Qxd4 31. e5 Nd5 32. e6 Qg4+ 33. Kd2 Nb4 34. Rh4 Qd4
35. Rxd4 Nxc2 36. Bxc2 1-0

[Event "AUTO-ADV-4814"]
[Site "http://www.queenalice.com/game.php?id=1853101"]
[Date "2025.3.1"]
[Round "2"]
[White "ALDROB"]
[Black "maurice916"]
[Result "0-1"]
[WhiteElo "1764"]
[BlackElo "1938"]

1. d4 d5 2. c4 Nf6 3. Nc3 c6 4. Nf3 e6 5. Bg5 Be7 6. e3 O-O 7. Qc2 a6 8. a4 Bd7
9. c5 a5 10. Bd3 b6 11. Bxf6 Bxf6 12. Bxh7+ Kh8 13. O-O-O bxc5 14. dxc5 e5 15.
h4 e4 16. Nxe4 dxe4 17. Qxe4 Re8 18. Qd3 Qc7 19. Rd2 Qb7 20. Ng5 Re7 21. Be4 Qc7
22. Kb1 Na6 23. f4 Nxc5 24. Qc4 Nxe4 25. Nxe4 Bf5 0-1

[Event "AUTO-ADV-4814"]
[Site "http://www.queenalice.com/game.php?id=1853102"]
[Date "2025.3.1"]
[Round "2"]
[White "maurice916"]
[Black "ALDROB"]
[Result "0-1"]
[WhiteElo "1980"]
[BlackElo "1765"]

1. Nf3 d5 2. b3 Nc6 3. Bb2 Nf6 4. e3 Bg4 5. Be2 e6 6. O-O Bd6 7. d3 O-O 8. Nbd2
Qd7 9. Bxf6 gxf6 10. h3 Bf5 11. e4 dxe4 12. dxe4 Bg6 13. Qc1 Rac8 14. Qb2 Ne5
15. Nd4 c5 16. Nb5 Bb8 17. c4 a6 18. Nc3 Ba7 19. Qc2 Rfd8 20. Rad1 Nd3 21. Nf3
Nb4 22. Qb1 Qc7 23. a3 Rxd1 24. Rxd1 Nc6 25. Nh4 Kh8 26. Nxg6+ fxg6 27. Bf1 Qe5
28. Qc2 Nd4 29. Qb2 Rb8 30. f3 b5 31. cxb5 axb5 32. Nb1 c4 33. b4 Nxf3+ 34. Kh1
Qxb2 35. gxf3 c3 36. Bd3 Qf2 37. Rf1 c2 38. Nc3 c1=Q 39. Rxc1 Qxf3+ 40. Kh2 Qxd3
41. a4 Bd4 42. Nxb5 Rxb5 43. Rc8+ Kg7 44. a5 Qe3 45. a6 Rxb4 46. Rc7+ Kh6 47.
Rb7 Be5+ 0-1